A viagem do caminheiro da alvorada (Registo nº 1108)

Detalhes MARC
000 -Etiqueta do registo
Cabeçalho 00764nam0a2200277 4500
005 - Identificador da versão
Campo de controlo 20240822170321.0
010 ## - Número internacional normalizado dos livros (ISBN)
Número (ISBN) 9789722331326
021 ## - Número do Depósito Legal
Código do país PT
Número 293496/09
Código do país PT
Número 279411/08
Código do país PT
Número 284802/08
100 ## - Dados gerais de processamento
Dados gerais de processamento 20160615g2009 m y0pory5003 ba
101 1# - Língua de publicação
Língua do texto, banda sonora, etc. Português
Língua do documento no original Inglês
102 ## - Pais de publicação ou produção
País de publicação Portugal
200 1# - Titulo e menção de responsabilidade
Título próprio A viagem do caminheiro da alvorada
Primeira menção de responsabilidade C. S. Lewis
205 ## - Menção da edição
Menção da edição 8ª ed
210 ## - Publicação, Distribuição, etc. 
Lugar da edição, distribuição, etc. Lisboa
Nome do editor, distribuidor, etc. Presença
Data da publicação, distribuição, etc. 2009
215 ## - Descrição física 
Indicação específica da natureza do documento e extensão da espécie 175, [1] p.
Outras indicações físicas il
225 2# - Colecção 
Título próprio da colecção As crónicas de Nárnia
Indicação de volume 5
300 ## - Notas gerais 
Texto da nota Plano Nacional de Leitura
606 ## - Nome comum usado como assunto
Número de registo de entrada de autoridade 0002994
Palavra de ordem Literatura inglesa
Subdivisão de assunto Fantasias
-- Fantástico
Código do sistema CA
675 ## - Classificação Decimal Universal (CDU)
Notação 821.111-312.9
Edição 3ª ed.
Língua da edição por
700 #1 - Nome de autor-pessoa física (responsabilidade principal)
Número de registo de entrada de autoridade 0001499
Palavra de ordem Lewis
Outra parte do nome não tomada para palavra de ordem C. S.
Datas 1898-1963
942 ## - Elementos de entrada adicionados (Koha)
Tipo de item no Koha Livro
966 ## - Identificação da Biblioteca
Sigla EB2,3ENM
Exemplares
Situação do levantamento Origin of item (home branch) (coded) Biblioteca de empréstimo Código de barras Cota Circulation type (not for loan) Tipo de documento Nota do exemplar Damaged status
  Biblioteca Escolar Eng. Nuno Mergulhão Biblioteca Escolar Eng. Nuno Mergulhão BENM1998 82LE-3 LEW PNL   Livro Sem mensagem